Online katalóg knižníc regiónu Turca

Nežné nepriateľstvo (Record no. 21985)

MARC details
000 -LEADER
fixed length control field 01500cam a2200409 a 4500
001 - CONTROL NUMBER
control field 21985
003 - CONTROL NUMBER IDENTIFIER
control field VRT
005 - DATE AND TIME OF LATEST TRANSACTION
control field 20260317092223.0
008 - FIXED-LENGTH DATA ELEMENTS--GENERAL INFORMATION
fixed length control field 240226s1997 xo ra 000 f slo
015 ## - NATIONAL BIBLIOGRAPHY NUMBER
National bibliography number SNBA1997/1002724
020 ## - INTERNATIONAL STANDARD BOOK NUMBER
International Standard Book Number 8071183997
035 ## - SYSTEM CONTROL NUMBER
System control number SNK000239683
035 ## - SYSTEM CONTROL NUMBER
System control number urn:nbn:sk:snk-amkgcd
035 ## - SYSTEM CONTROL NUMBER
System control number urn:nbn:sk:snk-am002yef
035 ## - SYSTEM CONTROL NUMBER
System control number A41CCA36-B1C6-40B5-A9E6-3D122689A91D
039 #9 - LEVEL OF BIBLIOGRAPHIC CONTROL AND CODING DETAIL [OBSOLETE]
Level of rules in bibliographic description 202402262058
Level of effort used to assign nonsubject heading access points VLOAD
Level of effort used to assign subject headings 202205120757
Level of effort used to assign classification VLOAD
Level of effort used to assign subject headings 202112131300
Level of effort used to assign classification csnk01
Level of effort used to assign subject headings 202107021741
Level of effort used to assign classification AUTHORITY
040 ## - CATALOGING SOURCE
Original cataloging agency SNK
Language of cataloging slo
Original cataloging agency SNK
Description conventions AACR2
041 1# - LANGUAGE CODE
Language code of text/sound track or separate title slo
Language code of original eng
044 ## - COUNTRY OF PUBLISHING/PRODUCING ENTITY CODE
MARC country code xo
ISO country code SK
080 ## - UNIVERSAL DECIMAL CLASSIFICATION NUMBER
Universal Decimal Classification number 820 (73)-3
Edition identifier 1981
100 1# - MAIN ENTRY--PERSONAL NAME
Personal name Lindsey, Johana,
Dates associated with a name 1952-2017
Relationship aut
240 12 - UNIFORM TITLE
Uniform title A gentle feuding
Language of a work Slovensky
245 10 - TITLE STATEMENT
Title Nežné nepriateľstvo
Statement of responsibility, etc. Johanna Lindseyová ; [z anglického originálu A gentle feuding ... preložila Tatiana Ruppeldtová]
260 ## - PUBLICATION, DISTRIBUTION, ETC.
Place of publication, distribution, etc. Bratislava
Name of publisher, distributor, etc. Ikar
Date of publication, distribution, etc. 1997
300 ## - PHYSICAL DESCRIPTION
Extent 205 s.
Dimensions 21 cm
655 #7 - INDEX TERM--GENRE/FORM
Genre/form data or focus term americké romány
Source of term SNKPH
655 #7 - INDEX TERM--GENRE/FORM
Genre/form data or focus term ľúbostné romány
Source of term SNKPH
700 1# - ADDED ENTRY--PERSONAL NAME
Personal name Ruppeldtová, Tatiana,
Dates associated with a name 1921-2006
Relationship trl
910 ## - USER-OPTION DATA (OCLC)
User-option data snk
911 ## - EQUIVALENCE OR CROSS-REFERENCE-CONFERENCE OR MEETING NAME [LOCAL, CANADA]
Meeting name or jurisdiction name as entry element KN 1997/10
Number [OBSOLETE] 02724
942 ## - ADDED ENTRY ELEMENTS (KOHA)
Source of classification or shelving scheme Dewey Decimal Classification
Koha item type Krásna literatúra pre dospelých
Suppress in OPAC No
949 ## - LOCAL PROCESSING INFORMATION (OCLC)
9 P60, <09>, [BOOK], {629}
a snkC 1279
b snk2386/970528
949 ## - LOCAL PROCESSING INFORMATION (OCLC)
6 17A0066261
9 P60, <03>, [BOOK], {603}
a snkSC 93178
b snkKSP 5192/97
s 6100:20140925
949 ## - LOCAL PROCESSING INFORMATION (OCLC)
6 17A0066260
9 P60, <05>, [BOOK], {605}
a snkSC 93178 D1
b snkKSP 5193/97
949 ## - LOCAL PROCESSING INFORMATION (OCLC)
6 273K0226615
a svkpoA 170219
b svkpo423576
949 ## - LOCAL PROCESSING INFORMATION (OCLC)
6 270001000034906
a svkbbA 94308
p 611.538
Holdings
Stav vyradenia Strata Poškodenie Spôsob nadobudnutia Domovská knižnica Aktuálna knižnica Dátum nadobudnutia Total checkouts Čiarový kód exemplára Date last seen Typ exemplára
      Dar Obecná knižnica Turčianska Štiavnička Obecná knižnica Turčianska Štiavnička 17.03.2026   4738000456 17.03.2026 Krásna literatúra pre dospelých
      Dar Obecná knižnica Turčianska Štiavnička Obecná knižnica Turčianska Štiavnička 17.03.2026   4738000479 17.03.2026 Krásna literatúra pre dospelých
Projekt je podporený Slovenskou asociáciou knižníc
Prevádzkuje Turčianska knižnica Martin 2026